| 000 | 00000nam 2200000zi 4500 |
| 001 | 9.933467 |
| 003 | CaOODSP |
| 005 | 20250109150814 |
| 006 | m o d f |
| 007 | cr mn||||||||| |
| 008 | 230205s20242024onca ob f000 0 fre d |
| 020 | |a9780660700465 |
| 040 | |aCaOODSP|bfre|erda|cCaOODSP |
| 043 | |an-cn--- |
| 086 | 1 |aIu122-7/2024F-PDF |
| 245 | 04|aLes processus reliés à l’approbation des projets de tarif : |bguide d'utilisateur. |
| 264 | 1|a[Ottawa] : |bCommission du droit d'auteur du Canada = Copyright Board Canada, |c[2024] |
| 264 | 4|c©2024 |
| 300 | |a1 ressource en ligne (15 pages) : |billustrations |
| 336 | |atexte|btxt|2rdacontent/fre |
| 337 | |ainformatique|bc|2rdamedia/fre |
| 338 | |aressource en ligne|bcr|2rdacarrier/fre |
| 500 | |aPublié aussi en anglais sous le titre : Tariff approval processes: user guide. |
| 504 | |aComprend des références bibliographiques. |
| 650 | 6|aDroit d'auteur|zCanada. |
| 650 | 6|aTarif douanier|zCanada. |
| 710 | 2 |aCommission du droit d'auteur Canada, |eorganisme de publication. |
| 775 | 08|tTariff approval processes : |w(CaOODSP)9.933465 |
| 856 | 40|qPDF|s1.71 Mo|uhttps://publications.gc.ca/collections/collection_2025/isde-ised/Iu122-7-2024-fra.pdf |